Desarrollo de un método para definir las estrategias operativas para prevenir la inestabilidad de tensión en el Sistema Eléctrico de Costa Rica
Gardado en:
| Autor Principal: | |
|---|---|
| Outros autores: | , |
| Formato: | Libro |
| Publicado: |
[San José, Costa Rica]
2009
|
| Materias: | |
| Etiquetas: |
Engadir etiqueta
Sen Etiquetas, Sexa o primeiro en etiquetar este rexistro!
|
MARC
| LEADER | 00000nam a2200000Ia 4500 | ||
|---|---|---|---|
| 003 | 001609 | ||
| 005 | 20221231144038.0 | ||
| 008 | 140114s2009 cr a 000 ||s d | ||
| 040 | |c cru CEDI | ||
| 090 | |a TFG 6121 | ||
| 100 | |a Alvarado Rivera, Daniel |9 3174 | ||
| 245 | |a Desarrollo de un método para definir las estrategias operativas para prevenir la inestabilidad de tensión en el Sistema Eléctrico de Costa Rica | ||
| 260 | |c 2009 |b [San José, Costa Rica] | ||
| 500 | |a Seminario (licenciatura en ingeniería eléctrica)--Universidad de Costa Rica. Facultad de Ingeniería. Escuela de Ingeniería Eléctrica | ||
| 650 | |x ENERGIA ELECTRICA |x COSTA RICA |x DISTRIBUCION DE LA FUERZA ELECTRICA |x DESCARGAS ELECTRICAS |9 3178 | ||
| 700 | |9 3175 |a Sánchez Moraga, Rebeca | ||
| 700 | |9 3177 |a Solís Hernández, Edgardo | ||
| 942 | |c TFG | ||
| 999 | |c 16094 |d 16094 | ||
